00343nam a2200145Ia 4500008004100000020001500041041000800056082001700064100002300081245003400104250000600138260003600144300000800180650000900188210716s1992 xx 000 0 und d a8171810136 aeng a005.301 RISR aRissman, Rainey S. aCost control using lotus 123. a1 aNew DelhibLearners Pressc1992 a102 aNone